000 00481nam a22001817a 4500
005 20230403154838.0
008 230401b |||||||| |||| 00| 0 eng d
020 _a978-81239-07-99-4
041 _aeng
082 _a615.6 VYA-T
100 _aVYAS, S.D AND KHAR , R . K
_97722
245 _aTARGETED & CONTROLLED DRUG DELIVERY NOVEL CARRIER SYSTEMS
250 _a1st ed.
260 _bCBS
_c2019
300 _a594;P.
650 _aPHARMACY
_xB. PHARMA
_97723
942 _cBK
999 _c8276
_d8274